[Event "Budapest-chT1 Lilienthal 1718"]
[Site "Budapest"]
[Date "2018.04.15"]
[Round "13"]
[White "Szilagyi, Zsolt"]
[Black "Radnai, Tamas"]
[Result "1-0"]
[WhiteElo "2280"]
[BlackElo "2035"]
[PlyCount "63"]
[EventDate "2017.10.01"]
[EventType "team-tourn"]
[EventRounds "13"]
[EventCountry "HUN"]
[SourceTitle "EXT 2021"]
[Source "ChessBase"]
[SourceDate "2020.10.23"]
[SourceVersion "1"]
[SourceVersionDate "2020.10.23"]
[SourceQuality "1"]
[WhiteTeam "SENSE"]
[BlackTeam "Csepel"]
[WhiteTeamCountry "HUN"]
[BlackTeamCountry "HUN"]

1. c4 Nf6 2. Nc3 g6 3. d4 Bg7 4. e4 d6 5. Nf3 0-0 6. Be2 c5 7. d5 e6 8. dxe6 Bxe6 9. 0-0 Nc6 10. Bf4 Nd4 11. Nxd4 cxd4 12. Qxd4 Nd5 13. Qxg7+ Kxg7 14. cxd5 Bd7 15. Bxd6 Re8 16. Bc5 a6 17. a4 Kg8 18. a5 Bb5 19. Nxb5 axb5 20. Bxb5 Rxe4 21. d6 Re5 22. b4 Rd5 23. Rad1 Qg5 24. h4 Qf5 25. Rfe1 Rxc5 26. Bd3 Qh5 27. bxc5 Rd8 28. Rc1 Qxh4 29. Be4 Rd7 30. Bxb7 Rxb7 31. c6 Rb2 32. Rf1 1-0

[Event "Budapest-chT1 Lilienthal 1718"]
[Site "Budapest"]
[Date "2018.02.25"]
[Round "10"]
[White "Polyik, Peter"]
[Black "Szilagyi, Zsolt"]
[Result "1/2-1/2"]
[WhiteElo "2277"]
[BlackElo "2280"]
[PlyCount "154"]
[EventDate "2017.10.01"]
[EventType "team-tourn"]
[EventRounds "13"]
[EventCountry "HUN"]
[SourceTitle "EXT 2021"]
[Source "ChessBase"]
[SourceDate "2020.10.23"]
[SourceVersion "1"]
[SourceVersionDate "2020.10.23"]
[SourceQuality "1"]
[WhiteTeam "Aquarena III"]
[BlackTeam "SENSE"]
[WhiteTeamCountry "HUN"]
[BlackTeamCountry "HUN"]

1. d4 Nf6 2. c4 e6 3. Nf3 b6 4. g3 Ba6 5. b3 b5 6. cxb5 Bxb5 7. Bg2 Bb4+ 8. Bd2 Qe7 9. 0-0 Bc6 10. Bc1 0-0 11. a3 Ba5 12. Bb2 d6 13. Nbd2 Bxd2 14. Qxd2 Qd7 15. Rfc1 a5 16. Qc2 Ra7 17. Nd2 Bxg2 18. Kxg2 Qb5 19. Qc4 Qb7+ 20. Kg1 Ne4 21. Nxe4 Qxe4 22. Rc3 Nd7 23. f3 Qb7 24. Rac1 Qb8 25. Qc6 Rd8 26. R1c2 Nf6 27. e4 Ne8 28. Bc1 Qb7 29. Qc4 Qa6 30. Rb2 Rb8 31. Qxa6 Rxa6 32. Kf2 Kf8 33. Ke2 Ke7 34. Kd3 Kd7 35. Bd2 a4 36. b4 c6 37. Bc1 Nc7 38. Rf2 Nb5 39. Rcc2 Rf8 40. Bb2 d5 41. e5 f5 42. h4 Rg8 43. h5 h6 44. g4 Rf8 45. g5 hxg5 46. Rg2 g4 47. fxg4 fxg4 48. Rxg4 Rf3+ 49. Ke2 Rh3 50. Rxg7+ Ke8 51. Kf1 Rxh5 52. Rf2 Rh8 53. Rg6 Nc7 54. Ke2 Rh7 55. Rg8+ Kd7 56. Rfg2 Ra8 57. R8g7+ Rxg7 58. Rxg7+ Kc8 59. Bc1 Nb5 60. Kd3 Ra7 61. Rg8+ Kb7 62. Rg6 Nc7 63. Rg8 Ra8 64. Rxa8 Kxa8 65. Ke3 Kb7 66. Kf4 Kc8 67. Ke3 Kd7 68. Kf4 Ke7 69. Kg5 Kf7 70. Bb2 Ne8 71. Kh5 Ng7+ 72. Kg5 Nf5 73. Kh5 Kg7 74. Kg5 Ng3 75. Kg4 Ne4 76. Kh5 Nd2 77. Kg5 Nc4 1/2-1/2

[Event "HUN-chT2 Erkel 1617"]
[Site "Hungary"]
[Date "2017.02.12"]
[Round "8.2"]
[White "Orgovan, Sandor"]
[Black "Szilagyi, Zsolt"]
[Result "0-1"]
[WhiteElo "2164"]
[BlackElo "2271"]
[PlyCount "64"]
[EventDate "2016.09.25"]
[EventType "team-tourn"]
[EventRounds "11"]
[EventCountry "HUN"]
[SourceTitle "EXT 2021"]
[Source "ChessBase"]
[SourceDate "2020.10.23"]
[SourceVersion "1"]
[SourceVersionDate "2020.10.23"]
[SourceQuality "1"]
[WhiteTeam "Sarkany DSE"]
[BlackTeam "Jaszbereny"]
[WhiteTeamCountry "HUN"]
[BlackTeamCountry "HUN"]

1. e4 c5 2. Nf3 Nc6 3. d4 cxd4 4. Nxd4 Qc7 5. Nc3 e6 6. Be3 a6 7. Bd3 Nf6 8. 0-0 Ne5 9. h3 d6 10. Qe2 Be7 11. f4 Nxd3 12. cxd3 0-0 13. Rac1 Qb8 14. g4 g6 15. f5 d5 16. e5 Qxe5 17. Qf2 Qd6 18. Bh6 Bd7 19. Rce1 e5 20. Nf3 e4 21. Bxf8 Rxf8 22. dxe4 Nxe4 23. Nxe4 dxe4 24. Rxe4 Bc6 25. Rxe7 Qxe7 26. Nd4 Bd5 27. a3 Qe4 28. Nf3 Rc8 29. Qd4 Rc2 30. Re1 Rg2+ 31. Kh1 Qxd4 32. Nxd4 Re2+ 0-1

[Event "HUN-chT2 Erkel 1617"]
[Site "Hungary"]
[Date "2016.11.13"]
[Round "4.2"]
[White "Keschitz, Gyorgy"]
[Black "Szilagyi, Zsolt"]
[Result "1/2-1/2"]
[WhiteElo "2224"]
[BlackElo "2271"]
[PlyCount "84"]
[EventDate "2016.09.25"]
[EventType "team-tourn"]
[EventRounds "11"]
[EventCountry "HUN"]
[SourceTitle "EXT 2021"]
[Source "ChessBase"]
[SourceDate "2020.10.23"]
[SourceVersion "1"]
[SourceVersionDate "2020.10.23"]
[SourceQuality "1"]
[WhiteTeam "Budapest EAC"]
[BlackTeam "Jaszbereny"]
[WhiteTeamCountry "HUN"]
[BlackTeamCountry "HUN"]

1. Nf3 e6 2. g3 b6 3. Bg2 Bb7 4. d3 c5 5. 0-0 Nc6 6. c3 Nf6 7. a4 Be7 8. Na3 0-0 9. e4 d6 10. Re1 Ne5 11. Nxe5 dxe5 12. Nc4 Nd7 13. f4 exf4 14. Bxf4 Bg5 15. Bd6 Be7 16. e5 Bd5 17. Qh5 Rc8 18. Bxe7 Qxe7 19. Nd6 Rcd8 20. Bxd5 exd5 21. Nf5 Qe6 22. Qg5 g6 23. Nh6+ Kg7 24. Ng4 h5 25. Nf6 Nxf6 26. exf6+ Qxf6 27. Qxf6+ Kxf6 28. a5 Rde8 29. Rf1+ Kg5 30. axb6 axb6 31. Ra7 f5 32. Rb7 Rb8 33. Rd7 Rfd8 34. Re7 Re8 35. Rfe1 Rxe7 36. Rxe7 h4 37. Rd7 hxg3 38. hxg3 Ra8 39. Rd6 Ra1+ 40. Kf2 Rd1 41. Ke2 Rg1 42. Kf2 Rd1 1/2-1/2

[Event "Budapest-chT1 Lilienthal 1516"]
[Site "Budapest"]
[Date "2015.12.13"]
[Round "5"]
[White "Szilagyi, Zsolt"]
[Black "Ladanyi, Tibor"]
[Result "0-1"]
[WhiteElo "2284"]
[BlackElo "2202"]
[PlyCount "52"]
[EventDate "2015.09.20"]
[EventType "team-tourn"]
[EventRounds "9"]
[EventCountry "HUN"]
[SourceTitle "EXT 2021"]
[Source "ChessBase"]
[SourceDate "2020.10.23"]
[SourceVersion "1"]
[SourceVersionDate "2020.10.23"]
[SourceQuality "1"]
[WhiteTeam "SENSE"]
[BlackTeam "REAC SISE"]
[WhiteTeamCountry "HUN"]
[BlackTeamCountry "HUN"]

1. c4 e5 2. Nc3 Bb4 3. Nf3 Bxc3 4. dxc3 Qe7 5. e4 d6 6. h3 Nf6 7. Bd3 Nbd7 8. Qe2 b6 9. Bc2 Bb7 10. Nd2 Nc5 11. g3 a5 12. b3 Qd7 13. f3 Nh5 14. Nf1 g6 15. Bg5 f6 16. Bd2 0-0-0 17. a3 Rhf8 18. b4 Ne6 19. bxa5 bxa5 20. Qf2 Nc5 21. Ne3 f5 22. exf5 e4 23. g4 Nf4 24. Qg3 Nfd3+ 25. Kd1 exf3 26. Rb1 Ne4 0-1

[Event "HUN-chT2 Charousek 1011"]
[Site "Hungary"]
[Date "2010.10.10"]
[Round "3"]
[White "Szilagyi, Zsolt"]
[Black "Monda, Laszlo"]
[Result "0-1"]
[WhiteElo "2287"]
[BlackElo "2149"]
[PlyCount "46"]
[EventDate "2010.09.12"]
[EventType "team-tourn"]
[EventRounds "11"]
[EventCountry "HUN"]
[SourceTitle "EXT 2012"]
[Source "ChessBase"]
[SourceDate "2011.11.24"]
[SourceVersion "1"]
[SourceVersionDate "2011.11.24"]
[SourceQuality "1"]
[WhiteTeam "BEAC"]
[BlackTeam "Tapolca"]
[WhiteTeamCountry "HUN"]
[BlackTeamCountry "HUN"]

1. e4 c5 2. Nc3 a6 3. f4 Nc6 4. Nf3 b5 5. a4 b4 6. Ne2 d5 7. e5 Bg4 8. Neg1 Nh6 9. h3 Bxf3 10. Qxf3 Nd4 11. Qd1 e6 12. g3 Nhf5 13. Kf2 c4 14. c3 Qb6 15. cxd4 Qxd4+ 16. Ke1 Qe4+ 17. Qe2 Qxh1 18. Qf2 Rc8 19. Bg2 Qh2 20. Ne2 Bc5 21. Qf3 Nd4 22. Nxd4 Qg1+ 23. Ke2 Bxd4 0-1

[Event "HUN-chT 0910"]
[Site "Hungary"]
[Date "2010.05.02"]
[Round "11"]
[White "Szilagyi, Zsolt"]
[Black "Rigo, Janos"]
[Result "0-1"]
[WhiteElo "2293"]
[BlackElo "2325"]
[PlyCount "62"]
[EventDate "2009.11.08"]
[EventType "team-tourn"]
[EventRounds "11"]
[EventCountry "HUN"]
[SourceTitle "EXT 2011"]
[Source "ChessBase"]
[SourceDate "2010.11.26"]
[SourceVersion "1"]
[SourceVersionDate "2010.11.26"]
[SourceQuality "1"]
[WhiteTeam "BEAC"]
[BlackTeam "Honved"]
[WhiteTeamCountry "HUN"]
[BlackTeamCountry "HUN"]

1. e4 c5 2. Nf3 Nc6 3. d4 cxd4 4. Nxd4 g6 5. Nxc6 dxc6 6. Qxd8+ Kxd8 7. Bc4 Ke8 8. a4 e5 9. 0-0 Bc5 10. Nd2 a5 11. Bb3 Nf6 12. Re1 Ke7 13. Nc4 Ng4 14. Re2 Rd8 15. Bd2 Be6 16. Bxa5 Rd4 17. Bb6 Rxc4 18. Bxc4 Bxb6 19. Bxe6 Kxe6 20. Ra3 Bc5 21. Ra1 Rd8 22. g3 Nxf2 23. Kg2 Ng4 24. Kf3 f5 25. a5 Ra8 26. c3 Nf6 27. exf5+ gxf5 28. b4 Bd6 29. Ke3 e4 30. Kd4 Nd5 31. Kc4 Nxc3 0-1

[Event "HUN-chT 0910"]
[Site "Hungary"]
[Date "2010.02.28"]
[Round "7"]
[White "Rudolf, Anna"]
[Black "Szilagyi, Zsolt"]
[Result "1-0"]
[WhiteElo "2286"]
[BlackElo "2293"]
[PlyCount "115"]
[EventDate "2009.11.08"]
[EventType "team-tourn"]
[EventRounds "11"]
[EventCountry "HUN"]
[SourceTitle "EXT 2011"]
[Source "ChessBase"]
[SourceDate "2010.11.26"]
[SourceVersion "1"]
[SourceVersionDate "2010.11.26"]
[SourceQuality "1"]
[WhiteTeam "Decs"]
[BlackTeam "BEAC"]
[WhiteTeamCountry "HUN"]
[BlackTeamCountry "HUN"]

1. e4 e5 2. Nf3 d6 3. d4 Nd7 4. Bd3 Be7 5. c3 Ngf6 6. 0-0 0-0 7. Nbd2 Re8 8. b3 c6 9. Bb2 Qc7 10. Re1 Nf8 11. c4 Ng6 12. Bf1 Bg4 13. h3 Bxf3 14. Nxf3 c5 15. dxe5 dxe5 16. Qc2 Nd7 17. g3 Nb8 18. h4 Nc6 19. a3 Nf8 20. Bh3 Ne6 21. Bxe6 fxe6 22. Rad1 Rf8 23. Rd3 Rf7 24. Kg2 Raf8 25. Re2 h6 26. Qc1 Bd6 27. b4 cxb4 28. c5 bxa3 29. cxd6 axb2 30. Rxb2 Qa5 31. Qd1 Qc5 32. d7 Nd8 33. Qc2 Qa5 34. Qd2 Qa4 35. Qb4 Qxb4 36. Rxb4 Rxf3 37. Rxf3 Rxf3 38. Kxf3 Kf7 39. Rb5 Ke7 40. Rxe5 Nc6 41. Rc5 Kxd7 42. Ke3 Kd6 43. Rb5 Kc7 44. Kd3 a6 45. Rb1 b5 46. f4 Kd6 47. h5 Kc5 48. Rc1+ Kd6 49. g4 a5 50. Rb1 Kc5 51. Rc1+ Kd6 52. Rb1 Kc5 53. g5 a4 54. Ra1 Nb4+ 55. Kc3 Nc6 56. g6 b4+ 57. Kb2 Kd4 58. Rd1+ 1-0

[Event "Eger Agria op"]
[Site "Eger"]
[Date "2009.07.26"]
[Round "7"]
[White "Szilagyi, Zsolt"]
[Black "Meszaros, Andras"]
[Result "1/2-1/2"]
[WhiteElo "2290"]
[BlackElo "2323"]
[PlyCount "92"]
[EventDate "2009.07.22"]
[EventType "swiss"]
[EventRounds "7"]
[EventCountry "HUN"]
[SourceTitle "EXT 2011"]
[Source "ChessBase"]
[SourceDate "2010.11.26"]
[SourceVersion "1"]
[SourceVersionDate "2010.11.26"]
[SourceQuality "1"]

1. c4 Nf6 2. Nc3 g6 3. g3 Bg7 4. Bg2 0-0 5. Nf3 d6 6. 0-0 e5 7. d3 Re8 8. e4 c6 9. Qc2 Na6 10. Rb1 h6 11. Re1 d5 12. b4 Qc7 13. exd5 cxd5 14. c5 Bd7 15. a4 e4 16. Bf4 Nxb4 17. Qd2 Qxc5 18. dxe4 dxe4 19. Ne5 Bf5 20. Nxf7 Kxf7 21. Bd6 Rad8 22. Bxc5 Rxd2 23. Rxb4 Nd7 24. Nb1 Ra2 25. Rxb7 Kg8 26. Bxa7 Ra8 27. g4 Bxg4 28. Rxe4 Bf5 29. Re7 Rxa4 30. Be3 Rd8 31. Bc6 Bf6 32. Rexd7 Rg4+ 33. Kf1 Rxd7 34. Rxd7 Bxb1 35. Bxh6 Bf5 36. Rd1 Rh4 37. Be3 Rxh2 38. Bd5+ Kh7 39. Bd4 Bg4 40. Rd3 Bf5 41. Rd1 Bg4 42. Rd3 Rh3 43. Be3 Rh5 44. Be4 Re5 45. Rd6 Rxe4 46. Rxf6 Ra4 1/2-1/2

[Event "Nyiregyhaza op"]
[Site "Nyiregyhaza"]
[Date "2008.07.25"]
[Round "4"]
[White "Koszegi, Lajos"]
[Black "Szilagyi, Zsolt"]
[Result "0-1"]
[WhiteElo "2069"]
[BlackElo "2310"]
[PlyCount "96"]
[EventDate "2008.07.23"]
[EventType "swiss"]
[EventRounds "7"]
[EventCountry "HUN"]
[SourceTitle "EXT 2009"]
[Source "ChessBase"]
[SourceDate "2008.11.26"]
[SourceVersion "1"]
[SourceVersionDate "2008.11.26"]
[SourceQuality "1"]

1. e4 c5 2. Nc3 Nc6 3. f4 e6 4. Nf3 d5 5. Bb5 Nf6 6. e5 Nd7 7. Bxc6 bxc6 8. d3 Qa5 9. 0-0 Be7 10. Qe1 g6 11. Bd2 Qb6 12. Na4 Qb5 13. b3 Nb6 14. c4 Qa6 15. Nc3 Qb7 16. Qg3 Qd7 17. Qh3 Ba6 18. Be1 h6 19. Bh4 0-0-0 20. Bxe7 Qxe7 21. Rfd1 Kb8 22. a4 g5 23. fxg5 hxg5 24. Qg3 Rdg8 25. a5 Nd7 26. cxd5 cxd5 27. Nxd5 exd5 28. e6+ Ka8 29. exd7 Qxd7 30. d4 c4 31. Ne5 Qc7 32. Qf3 cxb3 33. Qxb3 f6 34. Qxd5+ Bb7 35. Qd7 Qc2 36. d5 Qc5+ 37. Kh1 fxe5 38. a6 Bc8 39. Qf7 Qe3 40. Qf6 Bd7 41. Re1 Qg3 42. h3 g4 43. Qxe5 Qxe5 44. Rxe5 gxh3 45. g3 Rxg3 46. Re7 Bg4 47. Rae1 Bf3+ 48. Kh2 Rg2+ 0-1

[Event "Nyiregyhaza op"]
[Site "Nyiregyhaza"]
[Date "2008.07.25"]
[Round "5"]
[White "Szilagyi, Zsolt"]
[Black "Solymosi, Istvan"]
[Result "1-0"]
[WhiteElo "2310"]
[BlackElo "2195"]
[PlyCount "63"]
[EventDate "2008.07.23"]
[EventType "swiss"]
[EventRounds "7"]
[EventCountry "HUN"]
[SourceTitle "EXT 2009"]
[Source "ChessBase"]
[SourceDate "2008.11.26"]
[SourceVersion "1"]
[SourceVersionDate "2008.11.26"]
[SourceQuality "1"]

1. c4 c5 2. Nf3 e6 3. Nc3 a6 4. e4 d6 5. d4 cxd4 6. Nxd4 Qc7 7. Be2 b6 8. 0-0 Bb7 9. Be3 Nf6 10. f3 Nbd7 11. Rc1 Rc8 12. Qe1 Be7 13. Qg3 0-0 14. Nd5 Qd8 15. Nxe7+ Qxe7 16. b3 Rfd8 17. Bd2 Ne5 18. Bb4 Qc7 19. Ba3 Ng6 20. Qf2 Nf4 21. Rfd1 Nxe2+ 22. Nxe2 Rd7 23. Bb2 Ne8 24. Bd4 b5 25. cxb5 Qa5 26. Rxc8 Bxc8 27. Rc1 Bb7 28. bxa6 Bxa6 29. Nc3 e5 30. Bb6 Qa3 31. Qd2 Nf6 32. Nb1 1-0

[Event "HUN-chT2 Maroczy 0708"]
[Site "Hungary"]
[Date "2008.03.30"]
[Round "9"]
[White "Emodi, Barnabas"]
[Black "Szilagyi, Zsolt"]
[Result "1-0"]
[WhiteElo "2361"]
[BlackElo "2323"]
[PlyCount "61"]
[EventDate "2007.10.14"]
[EventType "team"]
[EventRounds "11"]
[EventCountry "HUN"]
[SourceTitle "EXT 2009"]
[Source "ChessBase"]
[SourceDate "2008.11.26"]
[SourceVersion "1"]
[SourceVersionDate "2008.11.26"]
[SourceQuality "1"]
[WhiteTeam "Penzugyor"]
[BlackTeam "Sarospatak"]
[WhiteTeamCountry "HUN"]
[BlackTeamCountry "HUN"]

1. Nf3 d5 2. g3 Nc6 3. Bg2 Bf5 4. 0-0 Qd7 5. c4 d4 6. d3 Bh3 7. Bxh3 Qxh3 8. b4 f6 9. Nbd2 Nh6 10. b5 Ne5 11. Nxe5 fxe5 12. f3 Nf5 13. Ne4 Nd6 14. Nf2 Qe6 15. Rb1 g6 16. Qa4 b6 17. c5 Nf5 18. g4 Nh6 19. Bd2 Nf7 20. Rfc1 Qd5 21. Ne4 Bh6 22. g5 Bg7 23. Qc4 Qd7 24. cxb6 axb6 25. Qxc7 Rxa2 26. Qb8+ Nd8 27. Rc7 Qf5 28. Rxe7+ Kxe7 29. Bb4+ Kf7 30. Nd6+ Ke6 31. Qc8+ 1-0

[Event "HUN-chT2 Maroczy 0708"]
[Site "Hungary"]
[Date "2007.12.09"]
[Round "4"]
[White "Geleta, Jovan"]
[Black "Szilagyi, Zsolt"]
[Result "0-1"]
[WhiteElo "2232"]
[BlackElo "2323"]
[PlyCount "102"]
[EventDate "2007.10.14"]
[EventType "team"]
[EventRounds "11"]
[EventCountry "HUN"]
[SourceTitle "EXT 2009"]
[Source "ChessBase"]
[SourceDate "2008.11.26"]
[SourceVersion "1"]
[SourceVersionDate "2008.11.26"]
[SourceQuality "1"]
[WhiteTeam "Koszolg"]
[BlackTeam "Sarospatak"]
[WhiteTeamCountry "HUN"]
[BlackTeamCountry "HUN"]

1. Nf3 c5 2. b3 d5 3. Bb2 Nc6 4. e3 Bg4 5. Be2 e6 6. Ne5 Bxe2 7. Qxe2 Nxe5 8. Bxe5 Ne7 9. 0-0 Nc6 10. Bb2 Bd6 11. d3 Qg5 12. Nd2 Qh6 13. g3 0-0-0 14. d4 cxd4 15. exd4 Qg6 16. Nf3 h5 17. Ne5 Bxe5 18. dxe5 d4 19. Rad1 Rd5 20. f4 Qg4 21. Qxg4 hxg4 22. Rf2 Rhd8 23. Rfd2 b5 24. a3 Kb7 25. Kf2 Kb6 26. Ke2 a5 27. Kd3 Kc5 28. Ke4 b4 29. a4 f5+ 30. Kd3 Rh8 31. Rf2 Rh3 32. Ke2 Rh5 33. Rd3 g5 34. Kf1 Rh3 35. Rfd2 Rd8 36. Kg1 gxf4 37. gxf4 Rxd3 38. Rxd3 Rh8 39. Kg2 Kd5 40. Rd1 Rh3 41. Bc1 Rc3 42. Rd2 d3 43. Kf1 Nd4 44. Rxd3 Rxd3 45. cxd3 Nxb3 46. Be3 Nc5 47. Ke2 Nxa4 48. Kd2 Nc5 49. Kc2 a4 50. Bd2 Kd4 51. Bxb4 Nxd3 0-1

[Event "HUN-chT2 Maroczy 0708"]
[Site "Hungary"]
[Date "2007.10.14"]
[Round "1"]
[White "Szilagyi, Zsolt"]
[Black "Hever, Miklos"]
[Result "0-1"]
[WhiteElo "2323"]
[BlackElo "2280"]
[PlyCount "82"]
[EventDate "2007.10.14"]
[EventType "team"]
[EventRounds "11"]
[EventCountry "HUN"]
[SourceTitle "EXT 2009"]
[Source "ChessBase"]
[SourceDate "2008.11.26"]
[SourceVersion "1"]
[SourceVersionDate "2008.11.26"]
[SourceQuality "1"]
[WhiteTeam "Sarospatak"]
[BlackTeam "Salgotarjan"]
[WhiteTeamCountry "HUN"]
[BlackTeamCountry "HUN"]

1. e4 c5 2. Nc3 Nc6 3. g3 g6 4. Bg2 Bg7 5. d3 d6 6. Be3 Nf6 7. h3 0-0 8. Qd2 Bd7 9. Bh6 b5 10. h4 Bxh6 11. Qxh6 Ng4 12. Qd2 h5 13. f3 Nf6 14. Qh6 Nd4 15. Kd1 b4 16. Nce2 e5 17. Bh3 d5 18. Nxd4 cxd4 19. Bxd7 Qxd7 20. Qg5 Qe6 21. Qd2 Rab8 22. Nh3 Kg7 23. Ke2 Rfe8 24. Nf2 Qa6 25. Rhc1 Qa4 26. Kd1 Rb6 27. Qg5 Rbe6 28. g4 Rh8 29. b3 Qa6 30. Ke2 hxg4 31. exd5 gxf3+ 32. Kxf3 Qb7 33. Rg1 Qxd5+ 34. Ke2 Rh5 35. Qg3 e4 36. Kd1 e3 37. Ng4 Nxg4 38. Qxg4 e2+ 39. Kd2 Qc5 40. c4 dxc3+ 41. Kc2 e1Q 0-1

[Event "HUN-chT2 Maroczy 0607"]
[Site "Hungary"]
[Date "2007.05.20"]
[Round "11"]
[White "Szilagyi, Zsolt"]
[Black "Bakos, Balazs"]
[Result "0-1"]
[WhiteElo "2344"]
[BlackElo "2275"]
[PlyCount "124"]
[EventDate "2006.11.12"]
[EventType "team"]
[EventRounds "11"]
[EventCountry "HUN"]
[SourceTitle "EXT 2008"]
[Source "ChessBase"]
[SourceDate "2007.11.25"]
[SourceVersion "1"]
[SourceVersionDate "2007.11.25"]
[SourceQuality "1"]
[WhiteTeam "Sarospatak"]
[BlackTeam "Fuzesabony"]
[WhiteTeamCountry "HUN"]
[BlackTeamCountry "HUN"]

1. e4 c5 2. Nf3 Nc6 3. Bc4 e6 4. 0-0 d5 5. exd5 exd5 6. Re1+ Be7 7. Bf1 Nf6 8. d4 0-0 9. h3 Bf5 10. c3 c4 11. b3 b5 12. Ne5 Rc8 13. a4 Bxb1 14. Nxc6 Rxc6 15. axb5 Re6 16. Rxb1 Ne4 17. Bb2 Nxf2 18. Kxf2 Bh4+ 19. g3 Bxg3+ 20. Kxg3 Qc7+ 21. Kf2 Qh2+ 22. Bg2 Rf6+ 23. Qf3 Rxf3+ 24. Kxf3 g5 25. Bc1 g4+ 26. hxg4 f5 27. gxf5 Rxf5+ 28. Kg4 Qxg2+ 29. Kxf5 Qg6+ 30. Kf4 Qxb1 31. bxc4 dxc4 32. Ke5 Qc2 33. Kd6 Qxc3 34. Re8+ Kf7 35. Re7+ Kf6 36. Re6+ Kf5 37. Re5+ Kg4 38. Be3 Qa3+ 39. Ke6 c3 40. d5 Qb3 41. Bxa7 c2 42. Be3 Qxe3 43. Rxe3 c1Q 44. Re4+ Kf3 45. Re5 Kf4 46. Rh5 Qc8+ 47. Ke7 Kg4 48. Rh1 Qb7+ 49. Ke6 h5 50. Rg1+ Kf4 51. Rf1+ Ke4 52. Re1+ Kd4 53. d6 Qd5+ 54. Ke7 Qg5+ 55. Ke8 Qg3 56. Rd1+ Kc5 57. d7 Qe5+ 58. Kd8 Kb6 59. Rc1 Kb7 60. b6 Qg5+ 61. Ke8 Qxc1 62. d8Q Qc8 0-1

[Event "HUN-chT2 Maroczy 0607"]
[Site "Hungary"]
[Date "2006.11.26"]
[Round "2"]
[White "Toth, Ervin"]
[Black "Szilagyi, Zsolt"]
[Result "1-0"]
[WhiteElo "2331"]
[BlackElo "2344"]
[PlyCount "93"]
[EventDate "2006.11.12"]
[EventType "team"]
[EventRounds "11"]
[EventCountry "HUN"]
[SourceTitle "EXT 2008"]
[Source "ChessBase"]
[SourceDate "2007.11.25"]
[SourceVersion "1"]
[SourceVersionDate "2007.11.25"]
[SourceQuality "1"]
[WhiteTeam "Koeszolg"]
[BlackTeam "Sarospatak"]
[WhiteTeamCountry "HUN"]
[BlackTeamCountry "HUN"]

1. d4 c5 2. d5 e5 3. Nc3 d6 4. e4 a6 5. a4 Be7 6. Be2 Bg5 7. Nf3 Bxc1 8. Qxc1 Ne7 9. Nd2 Nd7 10. Nc4 Nb6 11. Nd2 Bd7 12. Qd1 0-0 13. 0-0 Ng6 14. g3 Qg5 15. a5 Nc8 16. Kh1 Bh3 17. Rg1 Nce7 18. Ra3 Rad8 19. Rb3 Bc8 20. Na4 f5 21. Nb6 Bd7 22. Nbc4 Bb5 23. Na3 Bxe2 24. Qxe2 Rd7 25. Nac4 f4 26. Rg2 Nc8 27. h4 Qh6 28. Qg4 Rdf7 29. Kg1 f3 30. Rxf3 Rxf3 31. Nxf3 Qc1+ 32. Kh2 Qxc2 33. Ne3 Qa4 34. Ng5 Qe8 35. Nf5 Rxf5 36. Qxf5 Nf8 37. f4 Ne7 38. Qg4 h5 39. Qh3 Neg6 40. f5 Ne7 41. g4 Nd7 42. gxh5 Nf6 43. Qf3 Nxh5 44. Ne6 Kh7 45. Rg5 Kh6 46. Qg4 Qf7 47. Rxh5+ 1-0

[Event "HUN-chT2 Maroczy 0607"]
[Site "Hungary"]
[Date "2006.11.25"]
[Round "4"]
[White "Kopasz, Robert"]
[Black "Szilagyi, Zsolt"]
[Result "0-1"]
[WhiteElo "2331"]
[BlackElo "2344"]
[PlyCount "66"]
[EventDate "2006.11.12"]
[EventType "team"]
[EventRounds "11"]
[EventCountry "HUN"]
[SourceTitle "EXT 2008"]
[Source "ChessBase"]
[SourceDate "2007.11.25"]
[SourceVersion "1"]
[SourceVersionDate "2007.11.25"]
[SourceQuality "1"]
[WhiteTeam "Maroczy"]
[BlackTeam "Sarospatak"]
[WhiteTeamCountry "HUN"]
[BlackTeamCountry "HUN"]

1. c4 e5 2. Nc3 Nc6 3. g3 g6 4. Bg2 d6 5. e3 Be6 6. b3 Bg7 7. Nge2 Qd7 8. h3 Nge7 9. d4 exd4 10. exd4 d5 11. Be3 0-0-0 12. c5 Nf5 13. Qd2 Rhe8 14. Nd1 Nxe3 15. fxe3 Bf5 16. b4 Be4 17. 0-0 f5 18. Rc1 Ne7 19. Nec3 Bxg2 20. Kxg2 c6 21. b5 cxb5 22. Rb1 b4 23. Rxb4 Nc6 24. Rb5 g5 25. Qd3 f4 26. exf4 Nxd4 27. Rb2 g4 28. hxg4 Qxg4 29. Nf2 Qg6 30. Nb5 Nf5 31. Nxa7+ Kb8 32. Nc6+ Qxc6 33. Qxf5 Bxb2 0-1

[Event "HUN-chT2 Maroczy 0506"]
[Site "Hungary"]
[Date "2005.10.30"]
[Round "2"]
[White "Szilagyi, Zsolt"]
[Black "Pesztericz, Laszlo"]
[Result "1-0"]
[WhiteElo "2296"]
[BlackElo "2202"]
[PlyCount "81"]
[EventDate "2005.10.16"]
[EventType "team"]
[EventRounds "11"]
[EventCountry "HUN"]
[SourceTitle "EXT 2009"]
[Source "ChessBase"]
[SourceDate "2008.11.26"]
[SourceVersion "1"]
[SourceVersionDate "2008.11.26"]
[SourceQuality "1"]
[WhiteTeam "Sarospatak"]
[BlackTeam "Honved II"]
[WhiteTeamCountry "HUN"]
[BlackTeamCountry "HUN"]

1. e4 e5 2. Nf3 Nc6 3. Bb5 a6 4. Ba4 Nf6 5. Qe2 b5 6. Bb3 Be7 7. c3 d6 8. a4 Rb8 9. axb5 axb5 10. Na3 0-0 11. Nxb5 Bd7 12. Bc4 Nh5 13. d4 Nf4 14. Bxf4 exf4 15. 0-0 Bf6 16. Rfe1 Re8 17. b4 g6 18. Rad1 Qc8 19. Qd2 Nxb4 20. Na7 Qb7 21. Qxf4 d5 22. Qxf6 dxc4 23. cxb4 Ba4 24. Ra1 Qxa7 25. Ne5 Qxd4 26. Qxf7+ Kh8 27. Qf6+ Kg8 28. Ng4 Qxf6 29. Nxf6+ Kf7 30. Nxe8 Bxe8 31. Ra7 Rxb4 32. Rxc7+ Ke6 33. Rxh7 Bf7 34. Rc1 g5 35. h4 gxh4 36. f4 Be8 37. Rh6+ Ke7 38. Rxh4 Bc6 39. Rh6 Bxe4 40. Re1 c3 41. Rc6 1-0

[Event "Miskolc Avas op"]
[Site "Miskolc"]
[Date "2005.08.21"]
[Round "6"]
[White "Szilagyi, Zsolt"]
[Black "Tanacs, Anna"]
[Result "1-0"]
[WhiteElo "2297"]
[BlackElo "2026"]
[PlyCount "129"]
[EventDate "2005.08.18"]
[EventType "swiss"]
[EventRounds "7"]
[EventCountry "HUN"]
[SourceTitle "EXT 2008"]
[Source "ChessBase"]
[SourceDate "2007.11.25"]
[SourceVersion "1"]
[SourceVersionDate "2007.11.25"]
[SourceQuality "1"]

1. e4 c6 2. f4 d5 3. e5 c5 4. b4 b6 5. Nf3 e6 6. c3 Bd7 7. a3 Nh6 8. d4 Nc6 9. Be3 c4 10. h3 Be7 11. g4 b5 12. Nbd2 a5 13. Bg2 a4 14. Nf1 Qc7 15. Qd2 0-0-0 16. 0-0-0 Kb7 17. Kb2 Ra8 18. Ng3 Rhc8 19. Ka2 Rf8 20. Rdf1 Qc8 21. Nh5 Rg8 22. Ng5 f6 23. Nxh7 f5 24. Bf3 Be8 25. Ng3 Bg6 26. Ng5 Qd7 27. Bd1 Raf8 28. Bc2 Rh8 29. Qd1 Nd8 30. Nf3 Nc6 31. Ne1 Qe8 32. Qb1 Bh4 33. Bf2 Bxg3 34. Bxg3 Ne7 35. gxf5 Bxf5 36. Bh4 Ng6 37. Bg5 Bxc2 38. Nxc2 Nf5 39. Rfg1 Rh5 40. Qd1 Rfh8 41. Qg4 R8h7 42. Rf1 Ngh4 43. Bxh4 Rxh4 44. Qg2 Qh5 45. Rf3 Qh6 46. Qf2 Rh8 47. Ne3 Nxe3 48. Qxe3 Rf8 49. Rhf1 Rf5 50. R1f2 Kc6 51. Kb2 g6 52. Rg2 Rfxf4 53. Rxf4 Rxf4 54. Qg3 Rh4 55. Qxg6 Qxg6 56. Rxg6 Rxh3 57. Rxe6+ Kc7 58. Rd6 Rh2+ 59. Kc1 Rh1+ 60. Kd2 Rh2+ 61. Ke3 Rh3+ 62. Kf4 Rxc3 63. Rxd5 Rxa3 64. Rxb5 c3 65. Ke3 1-0